[Event "40º Torneo Internacional de Ajedrez de "]
[Site "La Roda (Albacete) - ESPAÑA"]
[Date "2013.03.28"]
[Round "2"]
[White "Cabrera, Alexis"]
[Black "Cerrajeria Ruiz, Jesus Maria"]
[Result "1-0"]
[WhiteElo "2529"]
[BlackElo "2142"]
[PlyCount "103"]
[EventDate "2013.03.27"]
[EventRounds "9"]
[EventCountry "ESP"]

1. e4 c5 2. Nf3 g6 3. d4 cxd4 4. Nxd4 Bg7 5. c4 Nc6 6. Nc2 d6 7. Be2 Nh6 8. O-O
O-O 9. Nc3 f5 10. exf5 Bxf5 11. Bd2 Kh8 12. Rc1 Qd7 13. Be3 Ng4 14. Bg5 h6 15.
Bd2 Kh7 16. h3 Nge5 17. Be3 Be6 18. Nd5 Bf5 19. g4 Be4 20. f3 Bxc2 21. Qxc2 e6
22. Nc3 d5 23. Rcd1 d4 24. Nb5 a6 25. Nxd4 Nxd4 26. Bxd4 Nxf3+ 27. Bxf3 Bxd4+
28. Kg2 Qg7 29. Be4 e5 30. h4 Qe7 31. Bxg6+ Kg7 32. Bh5 Rf6 33. Rxf6 Qxf6 34.
Rf1 Qc6+ 35. Kg3 Rf8 36. Rxf8 Kxf8 37. Qf5+ Ke7 38. Qf7+ Kd6 39. g5 Qh1 40. Bf3
Qg1+ 41. Bg2 Qe1+ 42. Kg4 hxg5 43. Qd5+ Ke7 44. Qxb7+ Kf8 45. hxg5 Qe2+ 46.
Qf3+ Qxf3+ 47. Bxf3 Bxb2 48. c5 Ke7 49. Kf5 Ba3 50. c6 Bd6 51. g6 Bc7 52. Bd5
1-0

[Event "40º Torneo Internacional de Ajedrez de "]
[Site "La Roda (Albacete) - ESPAÑA"]
[Date "2013.03.28"]
[Round "2"]
[White "Picazo Lopez, Ignacio"]
[Black "Libiszewski, Fabien"]
[Result "1/2-1/2"]
[WhiteElo "2120"]
[BlackElo "2518"]
[PlyCount "60"]
[EventDate "2013.03.27"]
[EventRounds "9"]
[EventCountry "ESP"]

1. e4 c5 2. Nf3 Nc6 3. Nc3 g6 4. d4 cxd4 5. Nxd4 Bg7 6. Be3 Nf6 7. Bc4 Qa5 8.
O-O O-O 9. Bb3 d6 10. h3 Bd7 11. Re1 Rfc8 12. Qd2 Ne5 13. Bh6 Bxh6 14. Qxh6 Nc4
15. Nd5 Nxd5 16. exd5 Qxd5 17. Rxe7 Qxd4 18. Rxd7 b5 19. c3 Qe5 20. Qh4 Rc5 21.
Re7 Qf5 22. a4 Rf8 23. axb5 d5 24. Raxa7 Qb1+ 25. Kh2 Nd2 26. Ba2 Qc1 27. f3
Nf1+ 28. Kg1 Ng3+ 29. Kh2 Nf1+ 30. Kg1 Ng3+ 1/2-1/2

[Event "40º Torneo Internacional de Ajedrez de "]
[Site "La Roda (Albacete) - ESPAÑA"]
[Date "2013.03.28"]
[Round "2"]
[White "Khamrakulov, Ibragim S"]
[Black "Vaya Gomez, Alejandro"]
[Result "1-0"]
[WhiteElo "2506"]
[BlackElo "2131"]
[PlyCount "69"]
[EventDate "2013.03.27"]
[EventRounds "9"]
[EventCountry "ESP"]

1. e4 g6 2. d4 Bg7 3. Nf3 d6 4. h3 a6 5. a4 Nf6 6. Nc3 O-O 7. Bc4 c6 8. Bb3 a5
9. O-O Na6 10. Re1 Nc7 11. Bg5 h6 12. Bh4 Be6 13. e5 dxe5 14. dxe5 Nfd5 15. Ne4
Re8 16. Nd6 Rf8 17. Nxb7 Qb8 18. Nc5 Qb4 19. Nd3 Qb6 20. c4 Nb4 21. Bxe7 Rfd8
22. Re3 Rd7 23. Bc5 Qb7 24. Bd6 Nca6 25. Nxb4 Nxb4 26. Nd4 Re8 27. Nxe6 Rxe6
28. Qe2 c5 29. Bxc5 Nc6 30. Rd1 Rxd1+ 31. Qxd1 Rxe5 32. Bd6 Rxe3 33. fxe3 Bxb2
34. c5 Qb4 35. Qb1 1-0

[Event "40º Torneo Internacional de Ajedrez de "]
[Site "La Roda (Albacete) - ESPAÑA"]
[Date "2013.03.28"]
[Round "2"]
[White "Ribeiro, Jose"]
[Black "Strikovic, Aleksa"]
[Result "0-1"]
[WhiteElo "2107"]
[BlackElo "2500"]
[PlyCount "124"]
[EventDate "2013.03.27"]
[EventRounds "9"]
[EventCountry "ESP"]

1. d4 d6 2. Bf4 g6 3. Nf3 Bg7 4. e3 Nd7 5. Bc4 e6 6. c3 Ngf6 7. h3 O-O 8. Nbd2
Qe7 9. a4 e5 10. dxe5 dxe5 11. Bh2 e4 12. Nd4 Ne5 13. Bxe5 Qxe5 14. Be2 Rd8 15.
Qc2 h5 16. O-O-O Bd7 17. Nc4 Qe8 18. Nb5 Bxb5 19. axb5 Qxb5 20. Rxd8+ Rxd8 21.
Rd1 Rxd1+ 22. Qxd1 Qe8 23. Qd4 b6 24. Nd2 Kf8 25. Bc4 Qe7 26. Bb5 Qd6 27. Qc4
Qh2 28. Qf1 Qe5 29. Qc4 Qf5 30. Ba4 Qxf2 31. Bb3 Ne8 32. Nxe4 Qxe3+ 33. Kb1 Qf4
34. g3 Qf5 35. g4 hxg4 36. hxg4 Qd7 37. Ba4 Qxg4 38. Bxe8 Qd1+ 39. Ka2 Kxe8 40.
Ng5 Qd7 41. Qe4+ Kd8 42. Qa8+ Ke7 43. Qe4+ Kd8 44. Qa8+ Ke7 45. Qe4+ Kd6 46.
Qf4+ Kc6 47. Qa4+ b5 48. Qa6+ Kd5 49. Qxa7 Kd6 50. Ne4+ Ke5 51. Nf2 Qd5+ 52.
Ka1 Kd6 53. Qb8 Kd7 54. Qg8 Bf6 55. Qh7 Ke7 56. Qh3 c5 57. Nd3 Qa8+ 58. Kb1 Qe4
59. Ka1 c4 60. Nc5 Qd5 61. Qc8 Be5 62. Na6 Bd6 0-1

[Event "40º Torneo Internacional de Ajedrez de "]
[Site "La Roda (Albacete) - ESPAÑA"]
[Date "2013.03.28"]
[Round "2"]
[White "Lopez Martinez, Josep Manuel"]
[Black "Gonzalez Mateos, Rafael"]
[Result "1-0"]
[WhiteElo "2500"]
[BlackElo "2110"]
[PlyCount "51"]
[EventDate "2013.03.27"]
[EventRounds "9"]
[EventCountry "ESP"]

1. e4 e6 2. d4 d5 3. Nc3 Bb4 4. e5 Ne7 5. a3 Bxc3+ 6. bxc3 c5 7. Qg4 O-O 8. Bd3
c4 9. Bh6 Ng6 10. Bxg6 fxg6 11. Be3 Qe8 12. h4 Rf5 13. Qe2 Nc6 14. g4 Rf8 15.
h5 Bd7 16. h6 gxh6 17. Rxh6 Rf7 18. Nh3 b5 19. Ng5 Rg7 20. Kd2 Qe7 21. Rah1
Qxa3 22. Rxh7 Rxh7 23. Rxh7 b4 24. Qf3 bxc3+ 25. Ke2 Rf8 26. Qh3 1-0

[Event "40º Torneo Internacional de Ajedrez de "]
[Site "La Roda (Albacete) - ESPAÑA"]
[Date "2013.03.28"]
[Round "2"]
[White "Ramos Del Campo, Alexander"]
[Black "Ubilava, Elizbar"]
[Result "1-0"]
[WhiteElo "2099"]
[BlackElo "2495"]
[PlyCount "69"]
[EventDate "2013.03.27"]
[EventRounds "9"]
[EventCountry "ESP"]

1. e4 d6 2. d4 Nf6 3. Nc3 g6 4. g3 Bg7 5. Bg2 O-O 6. h3 e5 7. Nge2 Nc6 8. Be3
Bd7 9. O-O a6 10. a4 exd4 11. Nxd4 Re8 12. f4 Nxe4 13. Nxe4 d5 14. c3 dxe4 15.
Nxc6 Bxc6 16. Qc2 f5 17. Rfd1 Qe7 18. Bf1 Qf7 19. g4 Bd5 20. c4 Be6 21. g5 Rad8
22. Rxd8 Rxd8 23. Rd1 Rxd1 24. Qxd1 Bxc4 25. Qd8+ Bf8 26. Bc5 Bxf1 27. Bxf8
Qxf8 28. Qd5+ Qf7 29. Qd8+ Kg7 30. Qd4+ Kf8 31. Kxf1 Ke7 32. Qe5+ Kd7 33. Qd4+
Kc6 34. Qc3+ Kb6 35. Qf6+ 1-0

[Event "40º Torneo Internacional de Ajedrez de "]
[Site "La Roda (Albacete) - ESPAÑA"]
[Date "2013.03.28"]
[Round "2"]
[White "Perez Mitjans, Orelvis"]
[Black "Silva, Miguel Antonio Neto"]
[Result "1-0"]
[WhiteElo "2487"]
[BlackElo "2104"]
[PlyCount "85"]
[EventDate "2013.03.27"]
[EventRounds "9"]
[EventCountry "ESP"]

1. e4 c5 2. Nf3 d6 3. Bc4 e6 4. O-O a6 5. a4 Nc6 6. d4 cxd4 7. Nxd4 Nf6 8. Nc3
Be7 9. Be3 Qc7 10. Qe2 O-O 11. Ba2 Bd7 12. Rad1 Nxd4 13. Bxd4 b5 14. axb5 axb5
15. Bb3 b4 16. Nb1 Qb7 17. Nd2 Bb5 18. Bc4 Bxc4 19. Qxc4 Nxe4 20. Nxe4 d5 21.
Nc5 Qc6 22. Qxb4 Rfc8 23. Qc3 Bxc5 24. Bxg7 Bf8 25. Qxc6 Rxc6 26. Bxf8 Kxf8 27.
Rd2 Ra2 28. Rb1 Rb6 29. c3 Rb3 30. Rc2 Ke7 31. Kf1 Kd6 32. Ke2 e5 33. Rd2 Kc5
34. Kd3 d4 35. Kc2 Rb6 36. cxd4+ exd4 37. Re2 Re6 38. Rxe6 fxe6 39. Re1 Kd5 40.
f4 Kc4 41. Rxe6 d3+ 42. Kb1 Ra5 43. Re4+ 1-0

[Event "40º Torneo Internacional de Ajedrez de "]
[Site "La Roda (Albacete) - ESPAÑA"]
[Date "2013.03.28"]
[Round "2"]
[White "Lara Granero, Bio"]
[Black "Campora, Daniel H"]
[Result "0-1"]
[WhiteElo "2096"]
[BlackElo "2483"]
[PlyCount "58"]
[EventDate "2013.03.27"]
[EventRounds "9"]
[EventCountry "ESP"]

1. e4 e5 2. d4 exd4 3. Qxd4 Nc6 4. Qe3 g6 5. h4 h5 6. Bc4 Nf6 7. Nc3 Bh6 8. f4
O-O 9. Bd2 Na5 10. Be2 d5 11. exd5 Re8 12. Qd4 Bg7 13. Qa4 b6 14. O-O-O a6 15.
Bf3 Bd7 16. Qb4 Nb7 17. Nh3 b5 18. Rhe1 a5 19. Qd4 b4 20. Ne2 Ne4 21. Qg1 Qf6
22. c3 Nxd2 23. Rxd2 Rxe2 24. Rdxe2 bxc3 25. g4 cxb2+ 26. Kb1 Nd6 27. Ng5 Nb5
28. Re3 hxg4 29. Bxg4 Qf5+ 0-1

[Event "40º Torneo Internacional de Ajedrez de "]
[Site "La Roda (Albacete) - ESPAÑA"]
[Date "2013.03.28"]
[Round "2"]
[White "Munoz Pantoja, Miguel"]
[Black "Donado-Mazarron Gomez, Miguel"]
[Result "1-0"]
[WhiteElo "2483"]
[BlackElo "2098"]
[PlyCount "79"]
[EventDate "2013.03.27"]
[EventRounds "9"]
[EventCountry "ESP"]

1. e4 c5 2. Nf3 d6 3. Bb5+ Nd7 4. c4 Ngf6 5. Nc3 g6 6. d4 cxd4 7. Nxd4 Bg7 8.
O-O O-O 9. Bxd7 Bxd7 10. b3 a6 11. a4 b5 12. axb5 axb5 13. Rxa8 Qxa8 14. Ndxb5
Nxe4 15. Nd5 Bxb5 16. Nxe7+ Kh8 17. cxb5 Qb7 18. Nd5 Qxb5 19. Be3 Nc5 20. b4
Nd3 21. Qb3 Nc5 22. Qa2 Nd3 23. Rd1 Nb2 24. Rc1 Nd3 25. Qc4 Qxc4 26. Rxc4 Rb8
27. Ba7 Ra8 28. Rc7 Re8 29. g3 h5 30. b5 Re1+ 31. Kg2 Re2 32. Rxf7 Rb2 33. Rxg7
Rxb5 34. Nc3 Ne1+ 35. Kf1 Kxg7 36. Nxb5 Nf3 37. h4 g5 38. hxg5 Kg6 39. Be3 h4
40. Nd4 1-0

[Event "40º Torneo Internacional de Ajedrez de "]
[Site "La Roda (Albacete) - ESPAÑA"]
[Date "2013.03.28"]
[Round "2"]
[White "Lopez Quevedo, Eduardo"]
[Black "Arribas Lopez, Angel"]
[Result "0-1"]
[WhiteElo "2081"]
[BlackElo "2478"]
[PlyCount "50"]
[EventDate "2013.03.27"]
[EventRounds "9"]
[EventCountry "ESP"]

1. e4 c5 2. Nf3 d6 3. d4 cxd4 4. Nxd4 Nf6 5. Nc3 e6 6. g4 h6 7. Bg2 Nc6 8. h3
g5 9. Nde2 Ne5 10. f4 gxf4 11. Nxf4 Qb6 12. Nd3 Be7 13. Qe2 Nfd7 14. Be3 Bh4+
15. Bf2 Bxf2+ 16. Qxf2 Qxf2+ 17. Kxf2 Ke7 18. Rad1 a6 19. Ne2 h5 20. Bf3 hxg4
21. hxg4 Rg8 22. Rdg1 b5 23. g5 Bb7 24. Nef4 Rac8 25. c3 Rc4 0-1

[Event "40º Torneo Internacional de Ajedrez de "]
[Site "La Roda (Albacete) - ESPAÑA"]
[Date "2013.03.28"]
[Round "2"]
[White "Starostits, Ilmars"]
[Black "Moreno Ibanez, Miguel"]
[Result "1-0"]
[WhiteElo "2470"]
[BlackElo "2084"]
[PlyCount "85"]
[EventDate "2013.03.27"]
[EventRounds "9"]
[EventCountry "ESP"]

1. e4 c5 2. c3 Nf6 3. e5 Nd5 4. Nf3 e6 5. d4 cxd4 6. cxd4 b6 7. Nc3 Nxc3 8.
bxc3 Qc7 9. Bd2 d6 10. Bd3 Nd7 11. Ng5 Bb7 12. f4 Be7 13. Nf3 O-O 14. O-O Bd5
15. Qc2 g6 16. c4 Rac8 17. cxd5 Qxc2 18. Bxc2 Rxc2 19. Rfc1 Rfc8 20. Rxc2 Rxc2
21. Bb4 exd5 22. exd6 Bd8 23. Re1 Nf6 24. d7 Ne4 25. Ng5 Rc7 26. Nxe4 dxe4 27.
Rxe4 Rxd7 28. Re8+ Kg7 29. Kf2 f6 30. Ke3 a5 31. Ba3 Kf7 32. Rf8+ Ke6 33. g4
Kd5 34. Kd3 b5 35. Bc5 b4 36. f5 gxf5 37. gxf5 Bc7 38. Rxf6 Bxh2 39. Ra6 Bc7
40. Ra7 Kc6 41. Kc4 h5 42. d5+ Rxd5 43. Rxc7+ 1-0

[Event "40º Torneo Internacional de Ajedrez de "]
[Site "La Roda (Albacete) - ESPAÑA"]
[Date "2013.03.28"]
[Round "2"]
[White "Lopez Mulet, Inigo"]
[Black "Garza Marco, Sergio"]
[Result "1/2-1/2"]
[WhiteElo "2080"]
[BlackElo "2449"]
[PlyCount "120"]
[EventDate "2013.03.27"]
[EventRounds "9"]
[EventCountry "ESP"]

1. d4 d6 2. c4 e5 3. Nf3 e4 4. Nfd2 f5 5. Nc3 Nf6 6. e3 c6 7. Be2 Na6 8. O-O
Nc7 9. f4 d5 10. cxd5 cxd5 11. Nb3 a6 12. a4 Bd6 13. a5 O-O 14. Na4 Rb8 15. Bd2
Bd7 16. Nbc5 Bc6 17. Bb4 Kh8 18. Qb3 Qe7 19. Nb6 Rg8 20. Be1 h6 21. Rc1 Be8 22.
Qa3 g6 23. Bb4 Bb5 24. Nxa6 Bxb4 25. Qxb4 Qxb4 26. Nxb4 Bxe2 27. Rxc7 Bxf1 28.
Kxf1 Rg7 29. Rc5 Ng4 30. N4xd5 Nxh2+ 31. Kf2 g5 32. Nc4 Ng4+ 33. Ke2 Rd8 34. b4
Kh7 35. b5 Kg6 36. b6 Kh5 37. Rc7 Rgd7 38. Ne7 gxf4 39. Nxf5 fxe3 40. Ng7+ Rxg7
41. Rxg7 Rxd4 42. Nxe3 Nxe3 43. Kxe3 Ra4 44. Rxb7 Rxa5 45. Kxe4 Rg5 46. Rd7
Rxg2 47. Rd5+ Kg4 48. Rb5 Re2+ 49. Kd5 Re8 50. Rb4+ Kg3 51. Rb3+ Kg4 52. b7 Rb8
53. Kc6 h5 54. Kc7 Rxb7+ 55. Rxb7 h4 56. Kd6 h3 57. Ke5 h2 58. Rb1 Kf3 59. Kf5
Kg2 60. Kg4 h1=Q 1/2-1/2

[Event "40º Torneo Internacional de Ajedrez de "]
[Site "La Roda (Albacete) - ESPAÑA"]
[Date "2013.03.28"]
[Round "2"]
[White "Nicolas Zapata, Javier"]
[Black "Suba, Mihai"]
[Result "0-1"]
[WhiteElo "2075"]
[BlackElo "2414"]
[PlyCount "24"]
[EventDate "2013.03.27"]
[EventRounds "9"]
[EventCountry "ESP"]

1. e4 c5 2. Nc3 e6 3. Nge2 Nf6 4. d4 cxd4 5. Nxd4 d6 6. g3 a6 7. Bg2 Be7 8. O-O
O-O 9. Be3 Qc7 10. h4 Nc6 11. Nde2 b5 12. Bd2 Rb8 {.... .....} 0-1

[Event "40º Torneo Internacional de Ajedrez de "]
[Site "La Roda (Albacete) - ESPAÑA"]
[Date "2013.03.28"]
[Round "3"]
[White "Nicolas Zapata, Irene"]
[Black "Korneev, Oleg"]
[Result "0-1"]
[WhiteElo "2250"]
[BlackElo "2609"]
[PlyCount "66"]
[EventDate "2013.03.27"]
[EventRounds "9"]
[EventCountry "ESP"]

1. d4 Nf6 2. Nf3 d5 3. c4 e6 4. e3 Be7 5. b3 O-O 6. Bb2 c5 7. Bd3 cxd4 8. exd4
Nc6 9. O-O b6 10. Nc3 Bb7 11. Rc1 Rc8 12. Re1 Nb4 13. Bf1 Re8 14. Ne5 Nc6 15.
cxd5 Nxe5 16. dxe5 Nxd5 17. Ne4 Bb4 18. Re2 Nf4 19. Re3 Qxd1 20. Rxd1 Rc2 21.
a3 Rxb2 22. axb4 Bxe4 23. Rxe4 Nd5 24. Ra1 Re7 25. b5 Rxb3 26. Rea4 g5 27. Rg4
h6 28. h4 Rb4 29. Rxb4 Nxb4 30. hxg5 hxg5 31. Ra4 Nd5 32. Rg4 Rc7 33. Rxg5+ Kf8
{....} 0-1

[Event "40º Torneo Internacional de Ajedrez de "]
[Site "La Roda (Albacete) - ESPAÑA"]
[Date "2013.03.28"]
[Round "3"]
[White "Montoliu Cervero, Francisco"]
[Black "Sedlak, Nikola"]
[Result "0-1"]
[WhiteElo "2249"]
[BlackElo "2577"]
[PlyCount "60"]
[EventDate "2013.03.27"]
[EventRounds "9"]
[EventCountry "ESP"]

1. e4 e6 2. d4 d5 3. e5 c5 4. c3 Nc6 5. Nf3 Bd7 6. a3 Nge7 7. b4 cxd4 8. cxd4
Nf5 9. Bb2 b5 10. Nbd2 a5 11. Bxb5 axb4 12. a4 Be7 13. Nb3 O-O 14. O-O Na5 15.
Bxd7 Qxd7 16. Nxa5 Rxa5 17. g4 Nh6 18. Bc1 Rfa8 19. Bxh6 gxh6 20. Qd2 Rxa4 21.
Rxa4 Qxa4 22. Qxh6 Qc2 23. Ng5 b3 24. Nxe6 fxe6 25. Qxe6+ Kf8 26. Qxd5 Rc8 27.
Kg2 b2 28. Qf3+ Kg8 29. Qd5+ Kg7 30. Qb7 Qc6+ 0-1

[Event "40º Torneo Internacional de Ajedrez de "]
[Site "La Roda (Albacete) - ESPAÑA"]
[Date "2013.03.28"]
[Round "3"]
[White "Popovic, Dusan"]
[Black "Santos, Antonio P"]
[Result "1-0"]
[WhiteElo "2562"]
[BlackElo "2247"]
[PlyCount "55"]
[EventDate "2013.03.27"]
[EventRounds "9"]
[EventCountry "ESP"]

1. e4 e6 2. d4 d5 3. Nd2 Nf6 4. e5 Nfd7 5. Bd3 c5 6. c3 Nc6 7. Ngf3 Qb6 8. O-O
cxd4 9. cxd4 Nxd4 10. Nxd4 Qxd4 11. Nf3 Qb6 12. Qa4 Qb4 13. Qc2 Qc5 14. Qe2 Qc7
15. Be3 Bc5 16. Rfc1 Qb6 17. Rxc5 Nxc5 18. Qc2 Bd7 19. b4 Qxb4 20. Bxc5 Qa4 21.
Qd2 Rc8 22. Bd6 h6 23. Rb1 b6 24. h3 g5 25. Rb4 Qa3 26. Rc4 Qa5 27. Rxc8+ Bxc8
28. Qc1 1-0

[Event "40º Torneo Internacional de Ajedrez de "]
[Site "La Roda (Albacete) - ESPAÑA"]
[Date "2013.03.28"]
[Round "3"]
[White "Serna Lara, Sergio"]
[Black "Cabrera, Alexis"]
[Result "0-1"]
[WhiteElo "2248"]
[BlackElo "2529"]
[PlyCount "44"]
[EventDate "2013.03.27"]
[EventRounds "9"]
[EventCountry "ESP"]

1. d4 Nf6 2. c4 g6 3. Nc3 d5 4. Bg5 Ne4 5. Bh4 Nxc3 6. bxc3 dxc4 7. Qa4+ Qd7 8.
Qxc4 b6 9. Bg3 c5 10. Be5 f6 11. Bxb8 Rxb8 12. Nf3 cxd4 13. cxd4 e5 14. e3 b5
15. Qb3 a5 16. a3 a4 17. Qb2 b4 18. dxe5 Qc7 19. exf6 bxa3 20. Bb5+ Kd8 21.
Rd1+ Bd7 22. Qe2 Qa5+ 0-1

[Event "40º Torneo Internacional de Ajedrez de "]
[Site "La Roda (Albacete) - ESPAÑA"]
[Date "2013.03.28"]
[Round "3"]
[White "Jimenez Martinez, Jose Vicente"]
[Black "Khamrakulov, Ibragim S"]
[Result "0-1"]
[WhiteElo "2244"]
[BlackElo "2506"]
[PlyCount "82"]
[EventDate "2013.03.27"]
[EventRounds "9"]
[EventCountry "ESP"]

1. d4 Nf6 2. c4 e6 3. Nc3 Bb4 4. Qc2 c5 5. dxc5 Bxc5 6. Nf3 h6 7. e3 O-O 8. Be2
d5 9. O-O Qe7 10. a3 dxc4 11. Bxc4 a5 12. b3 Nc6 13. Bb2 Bd7 14. Rfd1 Rfd8 15.
Ne4 Nxe4 16. Qxe4 Kh8 17. Rd2 Be8 18. Rxd8 Rxd8 19. Ne5 Qg5 20. h4 Qh5 21. Nf3
Rd6 22. g4 f5 23. gxh5 fxe4 24. Ne5 Bxh5 25. Nxc6 Rxc6 26. Rc1 Be7 27. Bc3 b6
28. a4 Kg8 29. Rc2 Rd6 30. Bd4 Bxh4 31. Bf1 Bf6 32. Rc8+ Kf7 33. Rc7+ Kg6 34.
Bb5 Kf5 35. Bxf6 gxf6 36. Bc4 Bf3 37. Re7 h5 38. Kh2 h4 39. Rg7 Rd2 40. Re7 Rd1
41. Bxe6+ Kg6 0-1

[Event "40º Torneo Internacional de Ajedrez de "]
[Site "La Roda (Albacete) - ESPAÑA"]
[Date "2013.03.28"]
[Round "3"]
[White "Strikovic, Aleksa"]
[Black "Claros Egea, Christian"]
[Result "1-0"]
[WhiteElo "2500"]
[BlackElo "2236"]
[PlyCount "129"]
[EventDate "2013.03.27"]
[EventRounds "9"]
[EventCountry "ESP"]

1. c4 Nf6 2. Nc3 c6 3. Nf3 d5 4. e3 a6 5. Qc2 g6 6. d4 b5 7. b3 Bg7 8. Bd3 O-O
9. Bb2 Be6 10. O-O bxc4 11. bxc4 dxc4 12. Be2 Nd5 13. Ng5 Nxc3 14. Bxc3 Bd5 15.
e4 e5 16. Nf3 exd4 17. Bxd4 Bxe4 18. Qxe4 Re8 19. Ne5 Qd5 20. Qxd5 cxd5 21. f4
Nd7 22. Bf3 Nxe5 23. fxe5 Bxe5 24. Rad1 Rad8 25. Bxe5 Rxe5 26. Rd4 Kf8 27. Rfd1
Ke7 28. Bxd5 c3 29. Bb3 Rxd4 30. Rxd4 Rc5 31. Rd1 f5 32. Kf2 f4 33. Kf3 Rh5 34.
h3 Rg5 35. Rc1 Rg3+ 36. Kxf4 Rxg2 37. Rxc3 Kd6 38. Rc8 h5 39. Ra8 g5+ 40. Kf3
Rg1 41. Rxa6+ Kc7 42. Kf2 Rh1 43. Kg2 Re1 44. Rh6 g4 45. Rxh5 gxh3+ 46. Rxh3
Kb6 47. Rh5 Re3 48. Kf2 Re4 49. Kf3 Re1 50. Kf4 Rf1+ 51. Ke3 Re1+ 52. Kd4 Rg1
53. Kc3 Rg4 54. Bc4 Rg1 55. Kb4 Rb1+ 56. Bb3 Rg1 57. Rh6+ Ka7 58. Kc5 Rg7 59.
Bd5 Rc7+ 60. Kb5 Rc2 61. Rh7+ Kb8 62. a4 Rb2+ 63. Kc5 Rb1 64. Bc6 Rb2 65. Bb5
1-0

[Event "40º Torneo Internacional de Ajedrez de "]
[Site "La Roda (Albacete) - ESPAÑA"]
[Date "2013.03.28"]
[Round "3"]
[White "Villasenor Rubio, Emilio Jose"]
[Black "Lopez Martinez, Josep Manuel"]
[Result "0-1"]
[WhiteElo "2233"]
[BlackElo "2500"]
[PlyCount "52"]
[EventDate "2013.03.27"]
[EventRounds "9"]
[EventCountry "ESP"]

1. e4 c6 2. d4 d5 3. e5 Bf5 4. Nc3 a6 5. Be3 e6 6. g4 Bg6 7. Nge2 c5 8. h4 h5
9. Nf4 Ne7 10. Nxg6 Nxg6 11. gxh5 Nxh4 12. Qg4 cxd4 13. Bxd4 Nf5 14. O-O-O Nc6
15. Ne2 Qa5 16. Kb1 Rc8 17. c3 Qa4 18. Bg2 Nxe5 19. Qh3 Nc4 20. Bxd5 Nxb2 21.
Bb3 Qb5 22. Rde1 Nc4 23. Nf4 Be7 24. Qg4 Nd2+ 25. Kb2 Nxd4 26. cxd4 Qb4 0-1

[Event "40º Torneo Internacional de Ajedrez de "]
[Site "La Roda (Albacete) - ESPAÑA"]
[Date "2013.03.28"]
[Round "3"]
[White "Campora, Daniel H"]
[Black "Sanchez Jerez, Emilio Miguel"]
[Result "1-0"]
[WhiteElo "2483"]
[BlackElo "2213"]
[PlyCount "58"]
[EventDate "2013.03.27"]
[EventRounds "9"]
[EventCountry "ESP"]

1. e4 c5 2. Nf3 Nc6 3. Bb5 g6 4. Bxc6 bxc6 5. O-O Bg7 6. Re1 Nh6 7. c3 O-O 8.
d4 cxd4 9. cxd4 d5 10. e5 f6 11. exf6 exf6 12. Nc3 Bg4 13. h3 Bxf3 14. Qxf3 Nf5
15. Qd3 Qb6 16. Be3 Rae8 17. b3 Nxe3 18. Rxe3 f5 19. Rd1 f4 20. Rxe8 Rxe8 21.
Qf3 Qb4 22. Kh2 Qd6 23. Kg1 Qb4 24. Qd3 g5 25. Kf1 Rd8 26. Ne2 Re8 27. Rc1 Qb6
28. Rc2 Re4 29. Qc3 Re6 {...} 1-0

[Event "40º Torneo Internacional de Ajedrez de "]
[Site "La Roda (Albacete) - ESPAÑA"]
[Date "2013.03.28"]
[Round "3"]
[White "Escudero Manzano, Alejandro"]
[Black "Munoz Pantoja, Miguel"]
[Result "0-1"]
[WhiteElo "2216"]
[BlackElo "2483"]
[PlyCount "112"]
[EventDate "2013.03.27"]
[EventRounds "9"]
[EventCountry "ESP"]

1. e4 c5 2. Nf3 Nc6 3. d4 cxd4 4. Nxd4 e5 5. Nb5 d6 6. N1c3 a6 7. Na3 Be7 8.
Nc4 b5 9. Ne3 Nf6 10. Ned5 O-O 11. Nxf6+ Bxf6 12. Nd5 Be6 13. Be3 Bg5 14. Qd2
Bxe3 15. Nxe3 Qh4 16. g3 Qh6 17. Bg2 Rfd8 18. O-O Rac8 19. Rfd1 g6 20. c3 Kh8
21. Nd5 Qxd2 22. Rxd2 Na5 23. Ne3 Nc4 24. Re2 Kg7 25. a4 b4 26. cxb4 Rb8 27. b5
axb5 28. axb5 Nxe3 29. fxe3 Rxb5 30. Rd2 Rdb8 31. Ra6 Rb3 32. Kf2 Rxb2 33.
Raxd6 R2b4 34. Rc6 R8b5 35. Rcd6 Rc5 36. Rd8 h5 37. R8d6 Kh6 38. Rd8 Kg5 39.
R8d6 h4 40. gxh4+ Kxh4 41. Rd8 Kg5 42. Kg3 Ra5 43. R8d6 Bc4 44. Kf2 Ra3 45. Rc6
Bd3 46. Rc5 f6 47. Rc6 Bxe4 48. h4+ Kxh4 49. Bxe4 Rxe4 50. Rxf6 g5 51. Re2 Rea4
52. e4 g4 53. Rf5 Rh3 54. Rxe5 Rh2+ 55. Kf1 Ra1+ 56. Re1 Rh1+ 0-1

[Event "40º Torneo Internacional de Ajedrez de "]
[Site "La Roda (Albacete) - ESPAÑA"]
[Date "2013.03.28"]
[Round "3"]
[White "Arribas Lopez, Angel"]
[Black "Llavador Moron, Juan Jose"]
[Result "1-0"]
[WhiteElo "2478"]
[BlackElo "2196"]
[PlyCount "89"]
[EventDate "2013.03.27"]
[EventRounds "9"]
[EventCountry "ESP"]

1. e4 e5 2. Nf3 Nc6 3. Bb5 a6 4. Ba4 Nf6 5. O-O Nxe4 6. d4 b5 7. Bb3 d5 8. dxe5
Be6 9. Be3 Be7 10. c3 O-O 11. h3 Na5 12. Bc2 Nc4 13. Bc1 c5 14. b3 Nb6 15. Nfd2
f5 16. exf6 Nxf6 17. Qe2 Bd7 18. Nf3 Bd6 19. Bg5 Qe8 20. Qxe8 Raxe8 21. Nbd2
Bc6 22. Rad1 Nbd7 23. Be3 Bc7 24. a3 Bd6 25. Rfe1 Re7 26. b4 d4 27. bxc5 dxe3
28. cxd6 exf2+ 29. Kxf2 Rxe1 30. Rxe1 Re8 31. Rxe8+ Nxe8 32. Bb3+ Kh8 33. Nd4
Bb7 34. Be6 Nef6 35. g4 Nc5 36. Ke3 Bd5 37. Bc8 Kg8 38. g5 Nfd7 39. N2b3 Bxb3
40. Nxb3 Kf7 41. Nxc5 Nxc5 42. Kd4 Ne6+ 43. Bxe6+ Kxe6 44. Kc5 Kd7 45. Kd5 1-0

[Event "40º Torneo Internacional de Ajedrez de "]
[Site "La Roda (Albacete) - ESPAÑA"]
[Date "2013.03.28"]
[Round "3"]
[White "Mingarro Carceller, Sergi"]
[Black "Starostits, Ilmars"]
[Result "0-1"]
[WhiteElo "2210"]
[BlackElo "2470"]
[PlyCount "68"]
[EventDate "2013.03.27"]
[EventRounds "9"]
[EventCountry "ESP"]

1. e4 c6 2. d4 d5 3. e5 Bf5 4. h4 Qb6 5. Ne2 h6 6. c4 e6 7. c5 Qc7 8. Nbc3 b6
9. b4 a5 10. Na4 Nd7 11. Ng3 axb4 12. Nxf5 exf5 13. Nxb6 Nxb6 14. cxb6 Qxb6 15.
Be3 h5 16. Bd3 g6 17. O-O Bh6 18. Qc2 Bxe3 19. fxe3 Ne7 20. Rab1 O-O 21. Rf3
Ra3 22. Rbf1 Rfa8 23. Rg3 Rxa2 24. Qd1 Ra1 25. Qxh5 Rxf1+ 26. Kxf1 c5 27. dxc5
Qxc5 28. e6 Qc3 29. exf7+ Kxf7 30. Qh7+ Kf6 31. Be2 f4 32. Rh3 Nf5 33. Qb7 Ng3+
34. Kf2 Qxe3+ 0-1

[Event "40º Torneo Internacional de Ajedrez de "]
[Site "La Roda (Albacete) - ESPAÑA"]
[Date "2013.03.28"]
[Round "3"]
[White "Suba, Mihai"]
[Black "Martins, David Pires Tavares"]
[Result "1/2-1/2"]
[WhiteElo "2414"]
[BlackElo "2183"]
[PlyCount "144"]
[EventDate "2013.03.27"]
[EventRounds "9"]
[EventCountry "ESP"]

1. c4 b6 2. d4 Bb7 3. Nc3 e6 4. a3 f5 5. d5 Nf6 6. g3 Bd6 7. Nf3 Na6 8. Bg2 Nc5
9. O-O O-O 10. Bg5 a5 11. e3 Qe7 12. Nd4 h6 13. Bxf6 Qxf6 14. Ndb5 Be5 15. f4
Bxc3 16. Nxc3 Rad8 17. Rc1 e5 18. b4 axb4 19. axb4 Na6 20. Na2 exf4 21. exf4
Rde8 22. Qd2 d6 23. Rfe1 Nb8 24. Nc3 Nd7 25. Nb5 Qd8 26. Nd4 Rf7 27. Rxe8+ Qxe8
28. Re1 Qa8 29. Bh3 g6 30. g4 fxg4 31. Bxg4 Nf8 32. f5 b5 33. fxg6 Rf6 34. g7
Kxg7 35. Nf5+ Kh8 36. Qd4 Nh7 37. Nxh6 Qf8 38. Nf5 Bc8 39. Ng3 Bxg4 40. Qxg4
bxc4 41. Qxc4 Rf4 42. Qc3+ Kg8 43. Re6 Qf7 44. Qd3 Nf8 45. Re4 Rxe4 46. Qxe4
Qg7 47. Kg2 Ng6 48. h4 Qf6 49. Qe8+ Kh7 50. Qe4 Kg8 51. Kh3 Kf7 52. h5 Nf8 53.
b5 Kg8 54. Nf5 Nh7 55. Qe8+ Nf8 56. Kg4 Kh7 57. Qe7+ Qxe7 58. Nxe7 Kg7 59. Nf5+
Kf6 60. Kf4 Nd7 61. Ne3 Nb6 62. Ng4+ Kf7 63. Ke4 Nc4 64. Kf5 Na3 65. h6 Nxb5
66. Kg5 Nd4 67. Ne3 c6 68. dxc6 Nxc6 69. Nf5 Kg8 70. Nxd6 Ne5 71. Kf5 Nf7 72.
Nxf7 Kxf7 1/2-1/2